Nhân lực trẻ: Đào tạo và triển vọng; T2

保存先:
書誌詳細
フォーマット: 図書
言語:Undetermined
出版事項: Hà Nội Thanh Niên 1999
主題:
タグ: タグ追加
タグなし, このレコードへの初めてのタグを付けませんか!
Thư viện lưu trữ: Trung tâm Học liệu Trường Đại học Cần Thơ
LEADER 00432nam a2200145Ia 4500
001 CTU_35374
008 210402s9999 xx 000 0 und d
082 |a 371.425 
082 |b Nh121 
245 0 |a Nhân lực trẻ: Đào tạo và triển vọng; T2 
260 |a Hà Nội 
260 |b Thanh Niên 
260 |c 1999 
650 |a education,vocational guidance 
980 |a Trung tâm Học liệu Trường Đại học Cần Thơ